Elements of power system analysis (Record no. 3209)

000 -LEADER
fixed length control field 00596nam a2200217 a 4500
001 - CONTROL NUMBER
control field 3209
003 - CONTROL NUMBER IDENTIFIER
control field BD-DhUET
008 - FIXED-LENGTH DATA ELEMENTS--GENERAL INFORMATION
fixed length control field 810331s1982 nyua 001 0 eng
020 ## - INTERNATIONAL STANDARD BOOK NUMBER
International Standard Book Number 0070612781
020 ## - INTERNATIONAL STANDARD BOOK NUMBER
International Standard Book Number 007061279X
040 ## - CATALOGING SOURCE
Original cataloging agency DLC
Transcribing agency DLC
Modifying agency BD-DhUET
082 00 - DEWEY DECIMAL CLASSIFICATION NUMBER
Classification number 623.12
Item number STE/1982
100 1# - MAIN ENTRY--PERSONAL NAME
Personal name Stevenson, William D.
245 10 - TITLE STATEMENT
Title Elements of power system analysis
250 ## - EDITION STATEMENT
Edition statement 4th ed.
260 ## - PUBLICATION, DISTRIBUTION, ETC. (IMPRINT)
Place of publication, distribution, etc. New York
Name of publisher, distributor, etc. McGraw-Hill
Date of publication, distribution, etc. 1982
300 ## - PHYSICAL DESCRIPTION
Extent xii, 436 p.
Other physical details ill.
Dimensions 25 cm.
490 ## - SERIES STATEMENT
Series statement McGRAW-HILL series in electrical engineering
650 #0 - SUBJECT ADDED ENTRY--TOPICAL TERM
Topical term or geographic name as entry element Electric power system stability
942 ## - ADDED ENTRY ELEMENTS (KOHA)
Koha item type General Book
Holdings
Koha date last borrowed Price effective from Not for loan Damaged status Sublocation or collection (holding branch) Lost status Date acquired Source of classification or shelving scheme Withdrawn status Koha date last seen Shelving location Copy number Location (home branch) Koha normalized classification for sorting Koha full call number Koha issues (times borrowed) Koha item type Piece designation (barcode) Koha renewals
2021-09-272014-10-22  Central Library, BUET 2014-10-22  2021-09-27Circulation section1Central Library, BUET623_120000000000000_STE_1982623.12/STE/198252General Book110313 
 2015-02-10  Central Library, BUET 2015-02-10  2015-02-10Circulation section2Central Library, BUET623_120000000000000_STE_1982623.12/STE/1982 General Book69178 
2021-08-312015-02-11  Central Library, BUET 2015-02-11  2021-08-31Circulation section3Central Library, BUET623_120000000000000_STE_1982623.12/STE/198222General Book78208 2
 2015-06-24  Central Library, BUET 2015-06-24  2015-06-24Reading section4Central Library, BUET623_120000000000000_STE_1982623.12/STE/1982 Reading Item67386 
 2015-06-24  Central Library, BUET 2015-06-24  2015-06-24Reading section5Central Library, BUET623_120000000000000_STE_1982623.12/STE/1982 Reading Item67384 
 2015-06-24  Central Library, BUET 2015-06-24  2015-06-24Reading section6Central Library, BUET623_120000000000000_STE_1982623.12/STE/1982 Reading Item67385 
 2015-06-24  Central Library, BUET 2015-06-24  2015-06-24Reading section7Central Library, BUET623_120000000000000_STE_1982623.12/STE/1982 Reading Item63905 
 2015-06-25  Central Library, BUET 2015-06-25  2015-06-25Reading section8Central Library, BUET623_120000000000000_STE_1982623.12/STE/1982 Reading Item63906 
 2015-06-25  Central Library, BUET 2015-06-25  2015-06-25Reading section9Central Library, BUET623_120000000000000_STE_1982623.12/STE/1982 Reading Item63907 
 2015-06-28  Central Library, BUET 2015-06-28  2015-06-28Reading section10Central Library, BUET623_120000000000000_STE_1982623.12/STE/1982 Reading Item63908